5. smyčcový kvartet partitura a hlasy František Emmert

Saved in:
Bibliographic Details
Main Author: Emmert, František 1940- (Author)
Format: Book
Language:Czech
Published: Praha : Panton, 1984.
Edition:1. vyd.
ISBN: (brož.)
Physical Description: 30 s. 4 príl.
Tags: Add Tag
No Tags, Be the first to tag this record!

MARC

LEADER 00000nam a22000004a 4500
001 000411607
005 20121128194210.0
008 121128s1984 xr e 000 0 cze d
020 |a (brož.)  |c Kčs 44,00 
040 |a SVKKK  |b slo  |c SVKKK  |e AACR2 
041 0 |a cze 
043 |a e-xo--- 
044 |a xr  |c CZ 
100 1 |a Emmert, František  |d 1940-  |4 aut 
245 1 0 |a 5. smyčcový kvartet  |h [hudobnina]  |b partitura a hlasy  |p František Emmert 
246 1 0 |i Pět smyčcový kvartet 
250 |a 1. vyd. 
260 |a Praha :  |b Panton,  |c 1984. 
300 |a 30 s.  |e 4 príl. 
910 |a svkkk 
998 |a BK 
090 |g SCKHL  |k Sklad Pribinova 3. posch.  |a V.137721  |j 703703  |i 2720955510  |s Povinný výt.